00285nam a2200109Ia 4500100002300000490000700023654001300030245007700043260002900120082001400149546001200163 aSchildt/ & others  vII aComputer aOsborne Windows Programming Series Vol 1 : Programming Fundamentals bOsborneaNew Yorkc1994 a5.13bPAN aENGLISH